000 00639nam a2200169Ia 4500
008 090201s9999 xx 000 0 und d
010 _aKPL-61981
040 _bमराठी
041 _aमराठी
082 _a36409
_b61981
100 _aअतुल देऊळगावकर
245 _aस्वामीनाथन भूकमुक्तीचा ध्यास
_cअतुल देऊळगावकर
260 _c2004
_bअक्षर प्रकाशन
300 _a172
_bमोठा
600 _aस्वामीनाथन भूकमुक्तीचा ध्यास
942 _cBOOK
999 _c234405
_d234405